বুদ্ধদেব বসু্র রচনাসংগ্রহ / (Record no. 54623)
[ view plain ]
| 000 -LEADER | |
|---|---|
| fixed length control field | 00931nam a2200253 a 4500 |
| 001 - CONTROL NUMBER | |
| control field | 54623 |
| 003 - CONTROL NUMBER IDENTIFIER | |
| rucl marc code | BD-RjUL |
| 005 - DATE AND TIME OF LATEST TRANSACTION | |
| control field | 20211209080139.0 |
| 008 - FIXED-LENGTH DATA ELEMENTS--GENERAL INFORMATION | |
| fixed length control field | 161108s1980 ii ||||| |||| 00| 0 ben d |
| 020 ## - INTERNATIONAL STANDARD BOOK NUMBER | |
| Terms of availability | : Tk. 25.00 |
| 035 ## - SYSTEM CONTROL NUMBER | |
| System control number | (BD-RjUL)54745 |
| 040 ## - CATALOGING SOURCE | |
| Original cataloging agency | BD-RjUL |
| Language of cataloging | ben |
| Transcribing agency | BD-RjUL |
| 041 ## - LANGUAGE CODE | |
| Language code of text/sound track or separate title | ben |
| 082 ## - DEWEY DECIMAL CLASSIFICATION NUMBER | |
| Edition number | 23 |
| Classification number | 891.4408 |
| Author mark and year | BAB 1980 |
| 100 ## - MAIN ENTRY--PERSONAL NAME | |
| Personal name | বসু্, বুদ্ধদেব |
| 9 (RLIN) | 162923 |
| 245 10 - TITLE STATEMENT | |
| Title | বুদ্ধদেব বসু্র রচনাসংগ্রহ / |
| Statement of responsibility, etc. | বুদ্ধদেব বসু্ |
| 250 ## - EDITION STATEMENT | |
| Edition statement | বিশেষ সং. |
| 260 ## - PUBLICATION, DISTRIBUTION, ETC. (IMPRINT) | |
| Place of publication, distribution, etc. | কলকাতা : |
| Name of publisher, distributor, etc. | গ্রন্থালয় প্রাইভেট, |
| Date of publication, distribution, etc. | ১৯৮০ |
| 300 ## - PHYSICAL DESCRIPTION | |
| Pagination | খণ্ড. ; |
| Size | ২৩ সেমি. |
| 505 ## - FORMATTED CONTENTS NOTE | |
| Formatted contents note | খণ্ড ২ --- |
| 650 ## - SUBJECT ADDED ENTRY--TOPICAL TERM | |
| Topical term or geographic name as entry element | বাংলা সাহিত্য |
| General subdivision | সংগ্রহ |
| 9 (RLIN) | 122902 |
| Topical term or geographic name as entry element | Bengali Literature |
| General subdivision | Collection |
| 9 (RLIN) | 122903 |
| 942 ## - ADDED ENTRY ELEMENTS (KOHA) | |
| Source of classification or shelving scheme | Dewey Decimal Classification |
| Koha item type | Books |
| Lost status | Source of classification or shelving scheme | Damaged status | Not for loan | Collection code | Permanent Location | Current Location | Shelving location | Date acquired | Source of acquisition | Cost, normal purchase price | Total Checkouts | Full call number | Date last seen | Date checked out | Copy number | Koha item type |
|---|---|---|---|---|---|---|---|---|---|---|---|---|---|---|---|---|
| Dewey Decimal Classification | Non-fiction | Central Library, University of Rajshahi | Central Library, University of Rajshahi | 13/08/1982 | Aligor library, Rajshahi | 75.00 | 1 | B 891.4408 BAB V-2 1980 | 24/04/2017 | 08/04/2017 | C-2 | Books |